| 000 | 01034nam a2200313 i 4500 | ||
|---|---|---|---|
| 003 | DO-SdBNP | ||
| 005 | 20240812154913.0 | ||
| 007 | ta | ||
| 008 | 240812s1972 xxuo 000 j spa d | ||
| 020 | _a0553121359 | ||
| 040 |
_aDO-SdBNP _bspa _cBNPHU _erda |
||
| 082 |
_bG738 _222 |
||
| 100 |
_aGraham, Robin Lee. _940605 _eautor |
||
| 245 | 1 | 0 |
_aDove / _cRobin Lee Graham |
| 264 | 1 |
_aNew York, Estados Unidos : _bHarper & Row, _c1972. |
|
| 264 | 4 | _c1978. | |
| 300 |
_a199 páginas, _bfotografías _c18 cm. |
||
| 336 |
_2rdacontent _atexto _btxt |
||
| 337 |
_2rdamedia _asin mediación _bn |
||
| 338 |
_2rdacarrier _avolumen _bnc |
||
| 500 | _aLa biblioteca posee la décimo séptima reimpresión (17) del 1978. | ||
| 590 | _aInventariado, 2024/ YL | ||
| 650 | 4 |
_aMarineros _zCalifornia _zBiografía. _986313 |
|
| 650 | 4 |
_aChicos adolescentes | _zCalifornia _zBiografía. _986314 |
|
| 650 | 4 |
_aNavegación en solitario. _986315 |
|
| 650 | 4 |
_aViajes alrededor del mundo. _942584 |
|
| 910 | _aYLockward | ||
| 942 |
_2ddc _cLBS1 |
||
| 999 |
_c57413 _d57413 |
||